Lakes - Sudden Death - Statistics

General Stats
  • This quiz has been taken 990 times
  • The average score is 10 of 17
Answers on the Grid
Answers color-coded by a green-red scale on the quiz's grid according to % correct below.
Lake Victoria
Lake Alman
Lake Louise
Lake Huron
Lake Hunnif
Lake Michigan
Great Bear Lake
Lake Kirundi
Lake Algeria
Lake Tanganyika
Fisherman Lake
Lake Tenerife
Lake Supreme
Great Dog Lake
Flathead Lake
Pi Lake
Great Slave Lake
Monster Lake
Moraine Lake
Lake Winnipeg
Lake Cronus
Lake Malawi
Loch Ness
Dead Sea
Lake Titicaca
Phineas Lake
Caspian Sea
Lake Scary
Lake Shankai
Lake Tahoe
Lake Blead
Lake Ohrid
 
Answer Stats
Answer % Correct
Lake Victoria
93%
Lake Michigan
89%
Lake Huron
80%
Lake Tahoe
70%
Loch Ness
66%
Caspian Sea
65%
Lake Titicaca
64%
Dead Sea
62%
Great Bear Lake
61%
Lake Tanganyika
58%
Lake Winnipeg
54%
Lake Malawi
52%
Great Slave Lake
48%
Lake Louise
39%
Flathead Lake
24%
Moraine Lake
16%
Lake Ohrid
15%
No matching quizzes found
Score Distribution
Percent of People with Each Score
Percentile by Number Answered
Your Score History
You have not taken this quiz